[Event "Berlin-ch Seniors op 33rd"]
[Site "Berlin"]
[Date "2017.02.04"]
[Round "5"]
[White "Kuehnemund, Lutz"]
[Black "Woelfert, Juergen"]
[Result "1-0"]
[WhiteElo "1992"]
[BlackElo "1835"]
[PlyCount "107"]
[EventDate "2017.01.31"]
[EventType "swiss"]
[EventRounds "9"]
[EventCountry "GER"]
[SourceTitle "EXT 2019"]
[Source "ChessBase"]
[SourceDate "2018.10.10"]
[SourceVersion "1"]
[SourceVersionDate "2018.10.10"]
[SourceQuality "1"]

1. b4 e5 2. Bb2 d6 3. e3 Nf6 4. c4 Bf5 5. Nf3 Nbd7 6. Be2 Be7 7. 0-0 0-0 8. d4 e4 9. Nfd2 c6 10. Nc3 d5 11. c5 Bg6 12. a4 a6 13. b5 Qc8 14. Qb3 Rb8 15. Rfc1 Re8 16. Qd1 Nf8 17. Qf1 Qd7 18. Ba3 h5 19. bxa6 bxa6 20. Bxa6 Ng4 21. h3 Nh6 22. Be2 Bd8 23. Rab1 Bc7 24. Rxb8 Rxb8 25. Rb1 Ne6 26. Rxb8+ Bxb8 27. Qb1 Qc7 28. Nf1 f5 29. Qb6 f4 30. Nxd5 cxd5 31. Qxe6+ Bf7 32. Qb6 h4 33. Qxc7 Bxc7 34. exf4 Nf5 35. Bb2 Bxf4 36. a5 Be8 37. a6 Bb8 38. Ne3 Ne7 39. Bc3 Bc6 40. Ba5 Ba7 41. f3 Bxc5 42. dxc5 d4 43. Bc4+ Kf8 44. Ng4 e3 45. Ne5 Ba8 46. Kf1 Nf5 47. Ke2 g5 48. Nd7+ Kg7 49. Nb6 Bc6 50. a7 Kf6 51. a8Q Bxa8 52. Nxa8 Ke5 53. Bc7+ Kf6 54. Kd3 1-0

[Event "Berlin Lichtenberger op 8th"]
[Site "Berlin"]
[Date "2009.08.23"]
[Round "9"]
[White "Kuehnemund, Lutz"]
[Black "Reichenbach, Werner"]
[Result "0-1"]
[WhiteElo "1924"]
[BlackElo "2297"]
[PlyCount "80"]
[EventDate "2009.08.15"]
[EventType "swiss"]
[EventRounds "9"]
[EventCountry "GER"]
[SourceTitle "CBM 131 Extra"]
[Source "ChessBase"]
[SourceDate "2009.09.03"]
[SourceVersion "2"]
[SourceVersionDate "2009.09.16"]
[SourceQuality "1"]

1. b4 e5 2. Bb2 f6 3. e4 Bxb4 4. Bc4 Qe7 5. Ne2 d6 6. c3 Bc5 7. Qb3 Nh6 8. 0-0 a6 9. a4 Nc6 10. a5 Nf7 11. d4 Ba7 12. Nd2 Ncd8 13. Ng3 g6 14. f4 Be6 15. Kh1 0-0 16. fxe5 fxe5 17. Nf3 Bxc4 18. Qxc4 Ne6 19. h3 Rac8 20. Nh2 c5 21. d5 Nf4 22. Bc1 h5 23. Bxf4 exf4 24. Rxf4 Ne5 25. Rxf8+ Rxf8 26. Qe2 Qg5 27. Ngf1 c4 28. Ra2 Rf2 29. Qxf2 Bxf2 30. Rxf2 Qc1 31. Rf6 Qxc3 32. Rxd6 Qxa5 33. Nf3 Nxf3 34. gxf3 c3 35. Rxg6+ Kf7 36. Rg1 Qc5 37. Ng3 Qe3 38. Rg2 h4 39. Nf5 Qxf3 40. Kh2 Qxg2+ 0-1

[Event "Berlin Lichtenberger op 8th"]
[Site "Berlin"]
[Date "2009.08.22"]
[Round "8"]
[White "Badestein, Hartmut"]
[Black "Kuehnemund, Lutz"]
[Result "0-1"]
[WhiteElo "2182"]
[BlackElo "1924"]
[PlyCount "82"]
[EventDate "2009.08.15"]
[EventType "swiss"]
[EventRounds "9"]
[EventCountry "GER"]
[SourceTitle "CBM 131 Extra"]
[Source "ChessBase"]
[SourceDate "2009.09.03"]
[SourceVersion "2"]
[SourceVersionDate "2009.09.16"]
[SourceQuality "1"]

1. d4 Nf6 2. Nf3 d5 3. Bf4 e6 4. e3 Be7 5. Bd3 c5 6. c3 Qb6 7. Qc2 Nc6 8. 0-0 Bd7 9. Nbd2 h6 10. Ne5 Nxe5 11. Bxe5 Ng4 12. Nf3 Nxe5 13. Nxe5 Bb5 14. Bxb5+ Qxb5 15. f4 g6 16. a4 Qb6 17. Rf3 Rc8 18. a5 Qb5 19. g4 h5 20. g5 Bd6 21. Raf1 Qxa5 22. Nxg6 fxg6 23. Qxg6+ Kd7 24. f5 exf5 25. Rxf5 Qa2 26. Qf7+ Kc6 27. e4 Rhf8 28. exd5+ Kb6 29. Qe6 Rfd8 30. dxc5+ Rxc5 31. Rf8 Qxd5 32. Qxd5 Rxd5 33. Rxd8 Bc5+ 34. Kg2 Rxd8 35. b4 Be7 36. h4 Rd2+ 37. Kh1 Rd3 38. Re1 Bd6 39. Re6 Kc7 40. Kg2 Rg3+ 41. Kf2 Rg4 0-1

[Event "Berlin Lichtenberger op 8th"]
[Site "Berlin"]
[Date "2009.08.21"]
[Round "7"]
[White "Kuehnemund, Lutz"]
[Black "Kachibadze, Georg"]
[Result "0-1"]
[WhiteElo "1924"]
[BlackElo "2224"]
[PlyCount "54"]
[EventDate "2009.08.15"]
[EventType "swiss"]
[EventRounds "9"]
[EventCountry "GER"]
[SourceTitle "CBM 131 Extra"]
[Source "ChessBase"]
[SourceDate "2009.09.03"]
[SourceVersion "2"]
[SourceVersionDate "2009.09.16"]
[SourceQuality "1"]

1. b4 e5 2. Bb2 d6 3. e3 Be7 4. c4 f5 5. Nc3 Nf6 6. Be2 0-0 7. f4 exf4 8. exf4 d5 9. c5 a5 10. a3 Ne4 11. Nh3 b6 12. d4 axb4 13. axb4 Rxa1 14. Qxa1 Bf6 15. Nxe4 fxe4 16. Nf2 Nc6 17. b5 Nb4 18. 0-0 Nc2 19. Qa4 Ne3 20. Rc1 g5 21. cxb6 cxb6 22. Ba3 Rf7 23. Bh5 Rc7 24. Nxe4 dxe4 25. Qb3+ Nc4 26. Be2 Qxd4+ 27. Kf1 Be6 0-1

[Event "Berlin Lichtenberger op 8th"]
[Site "Berlin"]
[Date "2009.08.20"]
[Round "6"]
[White "Kapp, Martin"]
[Black "Kuehnemund, Lutz"]
[Result "0-1"]
[WhiteElo "2134"]
[BlackElo "1924"]
[PlyCount "40"]
[EventDate "2009.08.15"]
[EventType "swiss"]
[EventRounds "9"]
[EventCountry "GER"]
[SourceTitle "CBM 131 Extra"]
[Source "ChessBase"]
[SourceDate "2009.09.03"]
[SourceVersion "2"]
[SourceVersionDate "2009.09.16"]
[SourceQuality "1"]

1. d4 Nf6 2. c4 g6 3. Nc3 d5 4. cxd5 Nxd5 5. e4 Nxc3 6. bxc3 c5 7. Bc4 Bg7 8. Ne2 0-0 9. 0-0 Nc6 10. Be3 Qc7 11. Qa4 Bd7 12. Qa3 Na5 13. Bd3 c4 14. Bc2 Rfe8 15. Rad1 b6 16. f4 e6 17. Bf2 f5 18. Bh4 Bc6 19. Ng3 Qf7 20. Ba4 Bf8 0-1

[Event "Berlin Lichtenberger op 7th"]
[Site "Berlin"]
[Date "2008.08.20"]
[Round "5"]
[White "Dimitrijeski, Kristian"]
[Black "Kuehnemund, Lutz"]
[Result "1-0"]
[WhiteElo "2167"]
[BlackElo "1920"]
[PlyCount "67"]
[EventDate "2008.08.16"]
[EventType "swiss"]
[EventRounds "9"]
[EventCountry "GER"]
[SourceTitle "CBM 126 Extra"]
[Source "ChessBase"]
[SourceDate "2008.11.05"]
[SourceVersion "1"]
[SourceVersionDate "2008.11.05"]
[SourceQuality "1"]

1. d4 Nf6 2. c4 g6 3. Nc3 d5 4. cxd5 Nxd5 5. e4 Nxc3 6. bxc3 c5 7. Bb5+ Bd7 8. Bc4 Bg7 9. Ne2 Nc6 10. 0-0 0-0 11. Rb1 Na5 12. Bd5 e6 13. Bb3 cxd4 14. cxd4 Nxb3 15. Qxb3 Bc6 16. Qe3 b6 17. Ba3 Re8 18. Rbc1 Bb7 19. Rfd1 Rc8 20. Rxc8 Qxc8 21. Rc1 Qd7 22. Qd3 Rd8 23. Bb2 Qa4 24. Rc7 Bxe4 25. Qd2 Bd5 26. h4 Qxa2 27. Nc3 Qa5 28. h5 Ba8 29. h6 Bf6 30. d5 Qb4 31. Qe2 Bxd5 32. Qd2 a5 33. Nxd5 Qxb2 34. Ne7+ 1-0